<?xml version="1.0" encoding="UTF-8"?>
<marc:record xmlns:marc="http://www.loc.gov/MARC21/slim">
   <marc:leader>00000nam a2200000 a 4500</marc:leader>
   <marc:datafield ind1="1" ind2=" " tag="100">
      <marc:subfield code="a">Doyle, Arthur Conan</marc:subfield>
      <marc:subfield code="4">aut</marc:subfield>
      <marc:subfield code="e">Verfasser/-in</marc:subfield>
   </marc:datafield>
   <marc:datafield ind1=" " ind2=" " tag="653">
      <marc:subfield code="a">P2020</marc:subfield>
   </marc:datafield>
   <marc:datafield ind1="0" ind2="0" tag="245">
      <marc:subfield code="a">Das Zeichen der Vier</marc:subfield>
   </marc:datafield>
   <marc:datafield ind1=" " ind2="1" tag="264">
      <marc:subfield code="b">S. Fischer Verlag</marc:subfield>
      <marc:subfield code="c">2016</marc:subfield>
   </marc:datafield>
   <marc:datafield ind1="1" ind2=" " tag="490">
      <marc:subfield code="a">Sherlock Holmes</marc:subfield>
   </marc:datafield>
   <marc:datafield ind1="1" ind2=" " tag="520">
      <marc:subfield code="a">»Sie sind eine Frau, der Unrecht getan wurde, aber Ihnen soll Gerechtigkeit widerfahren. Bringen Sie keine Polizei mit, sonst wäre alles umsonst. Ihr unbekannter Freund.«
Eine schöne Frau erhält diese mysteriöse Einladung und wendet sich in ihrer Not an Sherlock Holmes, der sie verdeckt zum Rendezvous begleitet - und einbeinige Ganoven, verborgene Schätze und Giftpfeile entdeckt ...</marc:subfield>
   </marc:datafield>
   <marc:datafield ind1=" " ind2=" " tag="020">
      <marc:subfield code="a">9783596035663</marc:subfield>
      <marc:subfield code="9">9783596035663</marc:subfield>
   </marc:datafield>
</marc:record>
